| 000 | 00447nam a2200157Ia 4500 | ||
|---|---|---|---|
| 008 | 200826s9999||||xx |||||||||||||| ||und|| | ||
| 041 | _achi | ||
| 050 |
_aBR128.C4 _b.C68 1972 |
||
| 100 | _a周聯華 | ||
| 245 | 0 |
_a基督信仰與中國 _b / _c周聯華 |
|
| 246 |
_a基督信仰与中国 _b/ |
||
| 260 |
_a臺北: _b浸信會文字中心, _c1972 |
||
| 300 |
_a4, 245 p. _b; _c19 cm. |
||
| 650 | _aChristianity and chinese culturer. | ||
| 999 |
_c19609 _d19609 |
||